• 首页
  • 本馆介绍
  • 公告通知
  • 最新文献
  • 馆藏检索
  • 电子资源
  • 读者导购
  • 参考咨询
  • 我的图书馆
  • 登录
  • 详细信息显示
  • 放入我的书架
  • 预约/预借图书
  • 作者相关作品
  • 分类相关作品
  • 丛书相关作品
  • 出版社相关作品

书目信息

  • 表格格式
  • 工作单格式
  • 卡片格式
题名:
全球化背景下外商直接投资与中国产业结构优化研究
    
 
作者: 吴凡 著
分册:  
出版信息: 成都   西南财经大学出版社  2015.4
页数: 336页
开本: 21cm
丛书名: 博士文库
单 册:
中图分类: F832.6
科图分类:
主题词: 外商直接投资--Wai Shang Zhi Jie Tou Zi--研究--中国 , 研究--Yan Jiu , 中国--Zhong Guo
电子资源:
ISBN: 978-7-5504-1745-8
000 01242nam0 22002891 450
001 350168
005 20161009105139.93
010    @a978-7-5504-1745-8@dCNY67.50
100    @a20150821d2015 kemy0chiy50 ea
101 0  @achi@deng
102    @aCN@b510000
105    @ay v 000yy
106    @ar
200 1  @a全球化背景下外商直接投资与中国产业结构优化研究@AQuan Qiu Hua Bei Jing Xia Wai Shang Zhi Jie Tou Zi Yu Zhong Guo Chan Ye Jie Gou You Hua Yan Jiu@f吴凡著
205    @a2版
210    @a成都@c西南财经大学出版社@d2015.4
215    @a336页@d21cm
225 2  @a博士文库@ABo Shi Wen Ku
330    @a本书从产业结构优化效应的角度来具体研究全球化背景下外商直接投资对我国产业结构的影响问题,以经济全球化为研究背景,强调将开放条件下产业结构优化的一般规律与我国特定的国情相结合,以外商直接投资对我国产业结构的优化效应为研究中心,沿着“研究背景——理论基础——理论分析——实证研究——存在问题——原因剖析——政策建议”的逻辑结构来组织全书。
461  0 @12001 @a博士文库
606 0  @a外商直接投资@AWai Shang Zhi Jie Tou Zi@x研究@y中国
606 0  @a研究@AYan Jiu
606 0  @a中国@AZhong Guo
690    @aF832.6@v5
701  0 @a吴凡@AWu Fan@f(1970.11-)@4著
801  0 @aCN@bTANGWEI@c20160803
905    @b0888665-9@dF832.6@e136=2@f5
    
    全球化背景下外商直接投资与中国产业结构优化研究/吴凡著.-2版.-成都:西南财经大学出版社,2015.4
    336页;21cm.-(博士文库)
    
    
    ISBN 978-7-5504-1745-8:CNY67.50
    本书从产业结构优化效应的角度来具体研究全球化背景下外商直接投资对我国产业结构的影响问题,以经济全球化为研究背景,强调将开放条件下产业结构优化的一般规律与我国特定的国情相结合,以外商直接投资对我国产业结构的优化效应为研究中心,沿着“研究背景——理论基础——理论分析——实证研究——存在问题——原因剖析——政策建议”的逻辑结构来组织全书。
●
相关链接 在E读中查询图书 在五车中查询图书 在当当中查询图书 在豆瓣中查询图书


正题名:全球化背景下外商直接投资与中国产业结构优化研究     索取号:F832.6/136=2         预约/预借

序号 登录号 条形码 馆藏地/架位号 状态 备注
1 0888665   208886650   第一样本阅览室/ [索取号:F832.6/136=2] 在馆    
2 0888666   208886669   第一借阅区/ [索取号:F832.6/136=2] 在馆    
3 0888667   208886678   第一借阅区/ [索取号:F832.6/136=2] 在馆    
4 0888668   208886687   第一借阅区/ [索取号:F832.6/136=2] 在馆    
5 0888669   208886696   密集书库-海洋学院/ [索取号:F832.6/136=2] 在馆    
唐山师范学院图书馆 欢迎您!
大连网信软件有限公司© 版权所有